A Critical Introduction to the Epistemology of Memory (Record no. 1848470)
[ view plain ]
| 000 -LEADER | |
|---|---|
| fixed length control field | 00496 a2200145 4500 |
| 000 - LEADER | |
| fixed length control field | nam a22 7a 4500 |
| 005 - DATE AND TIME OF LATEST TRANSACTION | |
| control field | 20260423165302.0 |
| 020 ## - INTERNATIONAL STANDARD BOOK NUMBER | |
| International Standard Book Number | 9781472525598 |
| 100 ## - MAIN ENTRY--PERSONAL NAME | |
| Personal name | Thomas D. Senor |
| 9 (RLIN) | 1118616 |
| 245 ## - TITLE STATEMENT | |
| Title | A Critical Introduction to the Epistemology of Memory |
| 260 ## - PUBLICATION, DISTRIBUTION, ETC. | |
| Name of publisher, distributor, etc. | Bloomsbury Academic |
| Date of publication, distribution, etc. | 2019 |
| 440 ## - SERIES STATEMENT/ADDED ENTRY--TITLE | |
| Title | Bloomsbury Critical Introductions to Contemporary Epistemology |
| 9 (RLIN) | 1235590 |
| 490 ## - SERIES STATEMENT | |
| Series statement | Bloomsbury Critical Introductions to Contemporary Epistemology |
| 942 ## - ADDED ENTRY ELEMENTS (KOHA) | |
| Koha item type | Textual |
| Withdrawn status | Lost status | Source of classification or shelving scheme | Damaged status | Not for loan | Home library | Current library | Date acquired | Source of acquisition | Cost, normal purchase price | Inventory number | Total Checkouts | Barcode | Date last seen | Cost, replacement price | Price effective from | Koha item type |
|---|---|---|---|---|---|---|---|---|---|---|---|---|---|---|---|---|
| Colon Classification (CC) | Ordered | South Campus Library | South Campus Library | 2026-04-23 | 72 | 2266.22 | BKB297 & 22/12/2025 | SC1691875 | 2026-04-23 | 3237.45 | 2026-04-23 | Textual |
